La Deuda público-local en Europa y en la América del Norte / por Juan Pelegrí i Nicolau...
Publicado:
Barcelona . (Imp. Casa Caritat) :
1925
Descripción Física:
442 p. ; 25'5 cm
Materias:
Deute públic -- Europa
MARC
| LEADER | 00000nam a2200000Ia 4500 | ||
|---|---|---|---|
| 001 | 2290 | ||
| 008 | 160829s1925 xx 000 0 cat d | ||
| 080 | |a M-1-202 | ||
| 100 | |a Pelegrí i Nicolau, Joan |9 25220 | ||
| 245 | |a La Deuda público-local en Europa y en la América del Norte / por Juan Pelegrí i Nicolau... | ||
| 260 | |a Barcelona . (Imp. Casa Caritat), |c 1925 | ||
| 300 | |a 442 p. ; |c 25'5 cm | ||
| 650 | |a Deute públic |x Europa |9 25221 | ||
| 901 | |a Arxiu | ||
| 942 | |n 1 | ||
| 952 | |0 0 |1 0 |4 0 |6 M1202 |7 1 |9 43509 |a Arxiu |b Arxiu |d 2016-12-01 |l 0 |o M-1-202 |p 2290 |r 2016-12-01 00:00:00 |w 2016-12-01 |y ARXIU | ||
| 999 | |c 46055 |d 46055 | ||